000 00427cam a2200181ua 4500
020 _c1.00
041 _amal
_h
082 _a894.812301
_bKIT/KA
100 _aKittunni, C A .
245 _aKathalokam /
_cC A Kittunni.
_hTextual Documents
250 _a1 /
_b.
260 _aKottayam :
_bNational Book Stall ,
_c1957.
300 _a135 ; .
365 _a1.00
504 _a
942 _cBK
999 _c12628
_d12628